000 00698nam a22002417a 4500
001 BR7310044
003 BR-BrBNA
005 20230928084146.0
007 ta
008 230509b bl.||||| |||| 00| 0 por d
040 _aBR-BrBNA
_bpor
_cBiblioteca Nacional de Agricultura
041 _a(Por)
072 _aD10; A00
_b/G514
090 _ D10 BR7310044
110 1 _aMinisterio da Agricultura, Brasilia, DF (Brasil)
_96753
245 1 _aManual de pessoal estatutario [Ministerio da Agricultura; Brasil]
260 3 _aBrasilia, DF (Brasil):
_c1973.
300 _av. 1-2
650 _aAdministracao de pessoal
650 _aAgricultura
909 _a202309
_bLucia
_c55
_dLucia Elande
942 _cBK
999 _c17204
_d17204